000 00289nam a2200121 i 4500
001 bg
245 0 _aStruktura i mechaniceskije svojstva metallov i splavov.
260 _aSverdlovsk,
_c1975.
040 _cBPK
041 _apol
942 _cKS
008 s pl f |000 0 pol
999 _c27436
_d27436
856 _uhttp://koha.tu.koszalin.pl/cgi-bin/koha/opac-detail.pl?biblionumber=27436
_yKatalog online BPK